[Event "Barcelona June IM"]
[Site "Barcelona"]
[Date "2019.06.19"]
[Round "7"]
[White "Rodriguez Alvarez, Vidal Hely"]
[Black "Chernikov, Vladimir"]
[Result "0-1"]
[WhiteElo "2289"]
[BlackElo "2242"]
[PlyCount "70"]
[EventDate "2019.06.11"]
[EventType "tourn"]
[EventRounds "9"]
[EventCountry "ESP"]
[EventCategory "3"]
[SourceTitle "CBM 191 Extra"]
[Source "ChessBase"]
[SourceDate "2019.09.30"]
[SourceVersion "1"]
[SourceVersionDate "2019.09.30"]
[SourceQuality "1"]

1. Nf3 Nf6 2. c4 c5 3. Nc3 Nc6 4. g3 e6 5. Bg2 d5 6. cxd5 exd5 7. d4 Be7 8. 0-0 0-0 9. Bg5 c4 10. Ne5 Be6 11. Nxc6 bxc6 12. b3 Qa5 13. Qd2 Qa6 14. Na4 Bf5 15. Bxf6 Bxf6 16. Nc5 c3 17. Qf4 Qc8 18. e3 g5 19. Qf3 Be7 20. Qd1 Bxc5 21. dxc5 Qe6 22. Qd4 c2 23. Rac1 Rfd8 24. Rfe1 Rab8 25. Re2 a5 26. Rd2 Rb4 27. Qc3 Rdb8 28. Rd4 Qf6 29. Rc4 Qxc3 30. Rxc3 d4 31. e4 dxc3 32. exf5 Rd4 33. Rxc2 Rd1+ 34. Bf1 Re8 35. Kg2 Ree1 0-1

[Event "Barcelona June IM"]
[Site "Barcelona"]
[Date "2019.06.12"]
[Round "2"]
[White "Rodriguez Alvarez, Vidal Hely"]
[Black "Valenzuela Gomez, Fernando Alberto"]
[Result "1/2-1/2"]
[WhiteElo "2289"]
[BlackElo "2395"]
[PlyCount "54"]
[EventDate "2019.06.11"]
[EventType "tourn"]
[EventRounds "9"]
[EventCountry "ESP"]
[EventCategory "3"]
[SourceTitle "CBM 191 Extra"]
[Source "ChessBase"]
[SourceDate "2019.09.30"]
[SourceVersion "1"]
[SourceVersionDate "2019.09.30"]
[SourceQuality "1"]

1. Nf3 Nf6 2. c4 g6 3. Nc3 Bg7 4. e4 d6 5. d4 0-0 6. Be2 Na6 7. 0-0 e5 8. Re1 exd4 9. Nxd4 Nc5 10. Bf1 Re8 11. f3 c6 12. Be3 a5 13. Qd2 a4 14. Rad1 Nfd7 15. Nde2 Qc7 16. Qxd6 Qxd6 17. Rxd6 f5 18. Rdd1 fxe4 19. fxe4 Bf8 20. Nd4 Nf6 21. h3 Ncxe4 22. Nxe4 Nxe4 23. Bd3 Bb4 24. Bd2 Bc5 25. Be3 Bb4 26. Bd2 Bc5 27. Be3 Bb4 1/2-1/2

[Event "Barcelona June IM"]
[Site "Barcelona"]
[Date "2019.06.11"]
[Round "1"]
[White "Ayats Llobera, Gerard"]
[Black "Rodriguez Alvarez, Vidal Hely"]
[Result "1-0"]
[WhiteElo "2377"]
[BlackElo "2289"]
[PlyCount "113"]
[EventDate "2019.06.11"]
[EventType "tourn"]
[EventRounds "9"]
[EventCountry "ESP"]
[EventCategory "3"]
[SourceTitle "CBM 191 Extra"]
[Source "ChessBase"]
[SourceDate "2019.09.30"]
[SourceVersion "1"]
[SourceVersionDate "2019.09.30"]
[SourceQuality "1"]

1. e4 c5 2. Nf3 e6 3. d4 cxd4 4. Nxd4 Nc6 5. Nc3 Qc7 6. f4 a6 7. Nxc6 Qxc6 8. Bd3 b5 9. Qe2 Bb7 10. Bd2 Rc8 11. a3 h5 12. 0-0-0 b4 13. axb4 Bxb4 14. Kb1 Qb6 15. Be3 Qa5 16. Na2 Be7 17. Bd4 Nf6 18. Rhf1 Qa4 19. c4 Qc6 20. Rde1 Qd6 21. Bc3 Qc7 22. g3 Bc5 23. h3 Kf8 24. Nb4 d6 25. e5 dxe5 26. fxe5 Nh7 27. Bg6 Ng5 28. h4 Kg8 29. Bd3 Nh3 30. Nc2 Qb6 31. Be4 Bxe4 32. Qxe4 Nf2 33. Qf3 Rc7 34. Re2 Ng4 35. Rd1 Kh7 36. Red2 Qb7 37. Qf4 Rhc8 38. Rd8 Rxd8 39. Rxd8 Rd7 40. Rxd7 Qxd7 41. Bd4 Bxd4 42. Nxd4 Qc7 43. Nf3 a5 44. c5 Kg8 45. Qd4 Kf8 46. Qd6+ Qe7 47. c6 Qxd6 48. exd6 Ke8 49. c7 Kd7 50. Nd4 Nf6 51. Nb5 Ne8 52. Kc2 f6 53. Kd3 g5 54. Ke3 gxh4 55. gxh4 Nxd6 56. Nxd6 Kxc7 57. Ne8+ 1-0

[Event "Barcelona Christmas IM"]
[Site "Barcelona"]
[Date "2019.01.03"]
[Round "7"]
[White "Rodriguez Alvarez, Vidal Hely"]
[Black "Valenzuela Gomez, Fernando Alberto"]
[Result "1-0"]
[WhiteElo "2277"]
[BlackElo "2388"]
[PlyCount "49"]
[EventDate "2018.12.27"]
[EventType "tourn"]
[EventRounds "9"]
[EventCountry "ESP"]
[EventCategory "3"]
[SourceTitle "CBM 188 Extra"]
[Source "ChessBase"]
[SourceDate "2019.02.26"]
[SourceVersion "1"]
[SourceVersionDate "2019.02.26"]
[SourceQuality "1"]

1. Nf3 Nf6 2. c4 e6 3. g3 a6 4. Bg2 b5 5. b3 Bb7 6. 0-0 c5 7. Nc3 Qb6 8. e3 Be7 9. Qe2 d5 10. cxd5 exd5 11. d4 0-0 12. dxc5 Bxc5 13. Bb2 Re8 14. Rfd1 Bxe3 15. Nxd5 Nxd5 16. Ne5 Nf4 17. gxf4 Bxf4 18. Nc4 Bxh2+ 19. Kxh2 Qh6+ 20. Kg1 Nc6 21. Ne3 Na5 22. Qg4 Bxg2 23. Kxg2 Rac8 24. Rd6 g6 25. Rh1 1-0

[Event "Barcelona Christmas IM"]
[Site "Barcelona"]
[Date "2019.01.02"]
[Round "6"]
[White "Fernandez Diaz, Cristian"]
[Black "Rodriguez Alvarez, Vidal Hely"]
[Result "0-1"]
[WhiteElo "2230"]
[BlackElo "2277"]
[PlyCount "90"]
[EventDate "2018.12.27"]
[EventType "tourn"]
[EventRounds "9"]
[EventCountry "ESP"]
[EventCategory "3"]
[SourceTitle "CBM 188 Extra"]
[Source "ChessBase"]
[SourceDate "2019.02.26"]
[SourceVersion "1"]
[SourceVersionDate "2019.02.26"]
[SourceQuality "1"]

1. d4 Nf6 2. Bg5 d5 3. e3 c5 4. Bxf6 gxf6 5. dxc5 Qa5+ 6. Nc3 e6 7. Qd4 Nc6 8. Bb5 Bg7 9. Qa4 Qc7 10. e4 dxe4 11. Nxe4 0-0 12. 0-0-0 f5 13. Nd6 Ne5 14. Qa3 b6 15. Ne8 Bh6+ 16. Kb1 Qxc5 17. Qxc5 bxc5 18. Ne2 Ng4 19. Rhf1 Rb8 20. Nd6 Rd8 21. Nxc8 Rdxc8 22. Bd7 Rd8 23. h3 Nxf2 24. Rxf2 Rb7 25. Nc3 Rbxd7 26. Rdf1 Bg7 27. Rf4 Bxc3 28. bxc3 Rd1+ 29. Kb2 Rxf1 30. Rxf1 Rd2 31. g4 fxg4 32. hxg4 Kg7 33. Kb3 Kg6 34. Rf3 Rd5 35. Kc4 h5 36. gxh5+ Rxh5 37. Kb5 f5 38. Kxc5 f4+ 39. Kd6 Kf5 40. c4 e5 41. c5 e4 42. Rb3 Rh6+ 43. Kd5 f3 44. Kd4 f2 45. Rb1 Kf4 0-1

[Event "Barcelona Sants op 19th"]
[Site "Barcelona"]
[Date "2017.08.25"]
[Round "8"]
[White "Rodriguez Alvarez, Vidal Hely"]
[Black "Plazuelo Pascual, Juan"]
[Result "0-1"]
[WhiteElo "2224"]
[BlackElo "2356"]
[PlyCount "56"]
[EventDate "2017.08.18"]
[EventType "swiss"]
[EventRounds "10"]
[EventCountry "ESP"]
[SourceTitle "CBM 180 Extra"]
[Source "ChessBase"]
[SourceDate "2017.10.06"]
[SourceVersion "1"]
[SourceVersionDate "2017.10.06"]
[SourceQuality "1"]

1. Nf3 Nf6 2. c4 b6 3. g3 Bb7 4. Bg2 g6 5. d4 Bg7 6. 0-0 0-0 7. d5 Ne4 8. Qc2 f5 9. Nfd2 Nd6 10. Nc3 Na6 11. e4 e6 12. Re1 Nb4 13. Qb1 fxe4 14. Ndxe4 Nxc4 15. Bg5 Qe8 16. dxe6 dxe6 17. a3 Nc6 18. Bf4 h6 19. Bxc7 Qf7 20. Bf4 Nd4 21. Qa2 e5 22. Be3 Nc2 23. Nf6+ Bxf6 24. Bxb7 Qxb7 25. Qxc4+ Kh7 26. Nd5 Nxa1 27. Nxf6+ Rxf6 28. Qh4 Nc2 0-1

[Event "Barcelona Sant Marti op-A 19th"]
[Site "Barcelona"]
[Date "2017.07.15"]
[Round "3"]
[White "Rodriguez Alvarez, Vidal Hely"]
[Black "Zubritskiy, Artyom"]
[Result "1/2-1/2"]
[WhiteElo "2214"]
[BlackElo "2442"]
[PlyCount "58"]
[EventDate "2017.07.13"]
[EventType "swiss"]
[EventRounds "9"]
[EventCountry "ESP"]
[SourceTitle "EXT 2018"]
[Source "ChessBase"]
[SourceDate "2017.10.13"]
[SourceVersion "1"]
[SourceVersionDate "2017.10.13"]
[SourceQuality "1"]

1. Nf3 Nf6 2. c4 g6 3. Nc3 Bg7 4. e4 d6 5. d4 0-0 6. Be2 c6 7. 0-0 Qc7 8. Re1 e5 9. h3 Nbd7 10. Bf1 exd4 11. Nxd4 Re8 12. g3 Nc5 13. Bg2 a5 14. Bf4 Nfd7 15. Nb3 Be5 16. Be3 a4 17. Nd4 Nb6 18. Bf1 Bg7 19. Qc2 Be6 20. b3 axb3 21. axb3 Rxa1 22. Rxa1 Bd7 23. Bg2 h5 24. Rd1 Ra8 25. Bf4 Be5 26. Be3 Bg7 27. Bf4 Be5 28. Be3 Bf6 29. Bf4 Be5 1/2-1/2

[Event "Porlamar"]
[Site "Porlamar"]
[Date "2016.12.10"]
[Round "5"]
[White "Rodriguez Alvarez, Vidal Hely"]
[Black "Coto Mederos, Michel"]
[Result "1/2-1/2"]
[WhiteElo "2156"]
[BlackElo "2357"]
[PlyCount "65"]
[EventDate "2016.12.08"]
[EventType "tourn"]
[EventRounds "9"]
[EventCountry "VEN"]
[EventCategory "1"]
[SourceTitle "CBM 176 Extra"]
[Source "ChessBase"]
[SourceDate "2017.03.02"]
[SourceVersion "1"]
[SourceVersionDate "2017.03.02"]
[SourceQuality "1"]

1. Nf3 d5 2. c4 c6 3. e3 Nf6 4. Nc3 a6 5. Qc2 g6 6. d4 Bg7 7. Bd3 0-0 8. 0-0 Nbd7 9. cxd5 cxd5 10. Bd2 b6 11. Rfc1 Bb7 12. Be1 b5 13. Qb3 Qb8 14. a4 bxa4 15. Nxa4 Rc8 16. Qd1 Bc6 17. b4 Bb5 18. Nc5 e6 19. Ra5 Nxc5 20. bxc5 Ne8 21. Rb1 Nc7 22. Raa1 Qb7 23. Ba5 Ne8 24. Qb3 Rab8 25. Bb6 Nd6 26. Bxb5 Nxb5 27. Ra5 Bf6 28. Rba1 Ra8 29. g3 h5 30. h4 Kg7 31. Kg2 Kg8 32. Qa4 Nc3 33. Qb3 1/2-1/2

[Event "Gibraltar Masters 13th"]
[Site "Caleta"]
[Date "2015.02.04"]
[Round "9"]
[White "Rodriguez Alvarez, Vidal Hely"]
[Black "Rydstrom, Tom"]
[Result "1/2-1/2"]
[WhiteElo "2122"]
[BlackElo "2292"]
[PlyCount "113"]
[EventDate "2015.01.27"]
[EventType "swiss"]
[EventRounds "10"]
[EventCountry "GGB"]
[SourceTitle "CBM 165"]
[Source "ChessBase"]
[SourceDate "2015.03.11"]
[SourceVersion "1"]
[SourceVersionDate "2015.03.11"]
[SourceQuality "1"]

1. d4 Nf6 2. c4 e6 3. Nc3 d5 4. cxd5 exd5 5. Bg5 c6 6. e3 Be7 7. Qc2 a5 8. Bd3 Na6 9. a3 Nc7 10. Nf3 Ne6 11. Bh4 g6 12. 0-0 0-0 13. Rab1 Ng7 14. b4 Bf5 15. Bxf6 Bxf6 16. b5 Be7 17. Bxf5 Nxf5 18. Qb3 Qd6 19. a4 Rfc8 20. Rfc1 h5 21. Ne1 Qf6 22. Qd1 Bd6 23. Nf3 h4 24. bxc6 bxc6 25. e4 dxe4 26. Nxe4 Qe7 27. Nxd6 Qxd6 28. h3 Rd8 29. Qc2 Rac8 30. Rb6 Nxd4 31. Nxd4 Qxd4 32. Rxc6 Rb8 33. Rc4 Qf6 34. Qe4 g5 35. Rc5 Rb4 36. Qf5 Qxf5 37. Rxf5 Rxa4 38. Rxg5+ Kf8 39. Rc7 Ra1+ 40. Kh2 Rdd1 41. g3 Rh1+ 42. Kg2 hxg3 43. fxg3 a4 44. Ra7 Rhb1 45. Rf5 Rg1+ 46. Kh2 Rh1+ 47. Kg2 Rag1+ 48. Kf3 Rf1+ 49. Kg4 Rxf5 50. Kxf5 Rxh3 51. Kg4 Rh6 52. Rxa4 Rb6 53. Rf4 Kg7 54. Ra4 Kg6 55. Kf4 f5 56. g4 fxg4 57. Kxg4 1/2-1/2

[Event "Gibraltar Challengers-A 13th"]
[Site "Caleta"]
[Date "2015.01.30"]
[Round "5"]
[White "Balogun, Oluwafemi Daniel"]
[Black "Rodriguez Alvarez, Vidal Hely"]
[Result "0-1"]
[WhiteElo "2193"]
[BlackElo "2122"]
[PlyCount "88"]
[EventDate "2015.01.26"]
[EventType "swiss"]
[EventRounds "5"]
[EventCountry "GGB"]
[SourceTitle "CBM 164 Extra"]
[Source "ChessBase"]
[SourceDate "2015.03.02"]
[SourceVersion "1"]
[SourceVersionDate "2015.03.02"]
[SourceQuality "1"]

1. e4 c5 2. Nf3 Nc6 3. d3 g6 4. g3 Bg7 5. Bg2 e5 6. c3 Nge7 7. 0-0 0-0 8. Na3 d5 9. exd5 Nxd5 10. Re1 Re8 11. Nc4 h6 12. a4 Bf5 13. Nh4 Be6 14. a5 Qc7 15. Qa4 Rad8 16. Qb5 a6 17. Qa4 Kh7 18. Nf3 Bf5 19. Ne3 Nxe3 20. Bxe3 Qd6 21. Qb3 Rd7 22. Qb6 Bf8 23. Nd2 Bxd3 24. Nb3 c4 25. Nc5 e4 26. Nxd7 Qxd7 27. b3 Ne5 28. Kh1 Re6 29. Qd4 cxb3 30. Qxd7 Nxd7 31. Bc1 Bc5 32. Bh3 f5 33. g4 Rf6 34. gxf5 gxf5 35. f3 Ne5 36. fxe4 fxe4 37. Bg2 Nf3 38. Rd1 Kg6 39. Bb2 Bc2 40. Rd5 Rf5 41. Rd7 e3 42. c4 e2 43. Bh3 Rg5 44. Be6 Ne5 0-1

[Event "Gibraltar Masters 13th"]
[Site "Caleta"]
[Date "2015.01.27"]
[Round "1"]
[White "Rodriguez Alvarez, Vidal Hely"]
[Black "Lalith, Babu MR"]
[Result "0-1"]
[WhiteElo "2122"]
[BlackElo "2537"]
[PlyCount "96"]
[EventDate "2015.01.27"]
[EventType "swiss"]
[EventRounds "10"]
[EventCountry "GGB"]
[SourceTitle "CBM 165"]
[Source "ChessBase"]
[SourceDate "2015.03.11"]
[SourceVersion "1"]
[SourceVersionDate "2015.03.11"]
[SourceQuality "1"]

1. d4 Nf6 2. c4 e6 3. Nc3 Bb4 4. Qc2 d5 5. a3 Bxc3+ 6. Qxc3 0-0 7. Nf3 b6 8. Bg5 dxc4 9. Qxc4 Ba6 10. Qa4 Bb7 11. e3 Qd5 12. Bxf6 gxf6 13. Be2 Kh8 14. Rc1 Bc6 15. Qc2 Rg8 16. 0-0 a5 17. b3 Bb7 18. Qxc7 Nd7 19. Qf4 f5 20. h3 Qxb3 21. Rc7 Qd5 22. Rfc1 Rad8 23. a4 Rg7 24. Kh2 Nf8 25. Bc4 Qe4 26. Qxe4 Bxe4 27. Ne1 f6 28. Bb5 Rxc7 29. Rxc7 f4 30. f3 Bg6 31. exf4 Rxd4 32. Nc2 Rxf4 33. Ne3 Rd4 34. Nc4 Bd3 35. Nxb6 Bxb5 36. axb5 Rb4 37. Nc4 Rxb5 38. Ra7 Rb4 39. Nxa5 Ng6 40. Nc6 Rb2 41. Kg3 e5 42. Ne7 Nf4 43. Ra8+ Kg7 44. Nf5+ Kg6 45. Nh4+ Kh5 46. Ra4 f5 47. Rc4 Kg5 48. Ra4 Ne2+ 0-1

[Event "Gibraltar Challengers-B 12th"]
[Site "Caleta"]
[Date "2014.02.05"]
[Round "5"]
[White "Rodriguez Alvarez, Vidal Hely"]
[Black "Kandic, Milan"]
[Result "1-0"]
[WhiteElo "2166"]
[BlackElo "2080"]
[PlyCount "61"]
[EventDate "2014.02.01"]
[EventType "swiss"]
[EventRounds "5"]
[EventCountry "GGB"]
[SourceTitle "CBM 158 Extra"]
[Source "ChessBase"]
[SourceDate "2014.02.28"]
[SourceVersion "1"]
[SourceVersionDate "2014.02.28"]
[SourceQuality "1"]

1. d4 d6 2. Nf3 Nf6 3. c4 c6 4. g3 Nbd7 5. Nc3 e5 6. e4 g6 7. Bg2 Bg7 8. 0-0 0-0 9. h3 Re8 10. Re1 Qc7 11. Be3 b6 12. a3 Bb7 13. d5 Nc5 14. Nh2 a5 15. Rc1 Rad8 16. Nf1 Ba6 17. b4 axb4 18. axb4 Bxc4 19. bxc5 dxc5 20. Bg5 h6 21. Bxf6 Bxf6 22. Ne3 cxd5 23. Ncxd5 Bxd5 24. Nxd5 Qc6 25. Bf1 Rf8 26. Rb1 Rb8 27. Bb5 Qd6 28. Qe2 Bg7 29. Rb3 Rfc8 30. Reb1 Bf6 31. Bd7 1-0

[Event "Gibraltar Challengers-A 12th"]
[Site "Caleta"]
[Date "2014.01.30"]
[Round "4"]
[White "Rodriguez Alvarez, Vidal Hely"]
[Black "Galmandakh, Badrakh"]
[Result "1/2-1/2"]
[WhiteElo "2166"]
[BlackElo "2225"]
[PlyCount "131"]
[EventDate "2014.01.27"]
[EventType "swiss"]
[EventRounds "5"]
[EventCountry "GGB"]
[SourceTitle "CBM 158 Extra"]
[Source "ChessBase"]
[SourceDate "2014.02.28"]
[SourceVersion "1"]
[SourceVersionDate "2014.02.28"]
[SourceQuality "1"]

1. Nf3 d6 2. d4 Nf6 3. c4 g6 4. Nc3 Bg4 5. e4 Bxf3 6. Qxf3 Nc6 7. Be3 e5 8. d5 Nd4 9. Qd1 Bg7 10. Bd3 0-0 11. Nb5 Nd7 12. Bc2 Nxb5 13. cxb5 f5 14. f3 fxe4 15. Bxe4 Bh6 16. Qd2 Bxe3 17. Qxe3 Nc5 18. 0-0 Qd7 19. a4 a5 20. bxa6 Rxa6 21. a5 Qb5 22. Qc3 Qb3 23. Ra3 Qxc3 24. Rxc3 Rxa5 25. b4 Nxe4 26. fxe4 Rxf1+ 27. Kxf1 Ra4 28. Rxc7 Rxb4 29. Rd7 Rxe4 30. Rxd6 b5 31. Rb6 b4 32. Rb7 Rd4 33. Kf2 Rxd5 34. Rxb4 Rd7 35. Rb5 Re7 36. Ke3 Kf7 37. Ke4 Kf6 38. h4 h5 39. g3 Re6 40. Rb8 Ra6 41. Rf8+ Kg7 42. Rf3 Ra5 43. Rb3 Kh6 44. Rc3 Kg7 45. Rb3 Kh7 46. Rb7+ Kh6 47. Rb3 Rc5 48. Ra3 Rb5 49. Rc3 Kg7 50. Rc7+ Kf8 51. Ra7 Rc5 52. Rb7 Kg8 53. Ra7 Rc3 54. Kxe5 Rf3 55. Rb7 Kf8 56. Ra7 Kg8 57. Rb7 Kh8 58. Ra7 Rxg3 59. Kf6 Rg4 60. Rb7 Kg8 61. Rg7+ Kf8 62. Rxg6 Rxh4 63. Kg5 Rh1 64. Rh6 Rg1+ 65. Kxh5 Kf7 66. Ra6 1/2-1/2